Soil genesis and classification / (Record no. 16884)
[ view plain ]
| 000 -LEADER | |
|---|---|
| fixed length control field | 01141cam a2200361 a 4500 |
| 001 - CONTROL NUMBER | |
| control field | 16737511 |
| 005 - DATE AND TIME OF LATEST TRANSACTION | |
| control field | 20201208093458.0 |
| 006 - FIXED-LENGTH DATA ELEMENTS--ADDITIONAL MATERIAL CHARACTERISTICS--GENERAL INFORMATION | |
| fixed length control field | 000 |
| 007 - PHYSICAL DESCRIPTION FIXED FIELD--GENERAL INFORMATION | |
| fixed length control field | 000 |
| 008 - FIXED-LENGTH DATA ELEMENTS--GENERAL INFORMATION | |
| fixed length control field | 000 |
| 010 ## - LIBRARY OF CONGRESS CONTROL NUMBER | |
| LC control number | 2011012321 |
| 015 ## - NATIONAL BIBLIOGRAPHY NUMBER | |
| National bibliography number | GBB159175 |
| Source | bnb |
| 016 7# - NATIONAL BIBLIOGRAPHIC AGENCY CONTROL NUMBER | |
| Record control number | 015808995 |
| Source | Uk |
| 020 ## - INTERNATIONAL STANDARD BOOK NUMBER | |
| International Standard Book Number | 9780813807690 (hardcover : alk. paper) |
| International Standard Book Number | 0813807697 (hardcover : alk. paper) |
| 035 ## - SYSTEM CONTROL NUMBER | |
| System control number | (OCoLC)ocn717293221 |
| 040 ## - CATALOGING SOURCE | |
| Original cataloging agency | DLC |
| Transcribing agency | DLC |
| Modifying agency | YDX |
| -- | YDXCP |
| 050 00 - LIBRARY OF CONGRESS CALL NUMBER | |
| Classification number | S591 |
| Item number | .B88 2011 |
| 070 0# - NATIONAL AGRICULTURAL LIBRARY CALL NUMBER | |
| Classification number | S591 |
| Item number | .B88 2011 |
| 082 00 - DEWEY DECIMAL CLASSIFICATION NUMBER | |
| Classification number | 631.4 |
| Edition number | 22 |
| 245 00 - TITLE STATEMENT | |
| Title | Soil genesis and classification / |
| Statement of responsibility, etc | S.W. Buol ... [et al.]. |
| 250 ## - EDITION STATEMENT | |
| Edition statement | 6th ed. |
| 260 ## - PUBLICATION, DISTRIBUTION, ETC. (IMPRINT) | |
| Place of publication, distribution, etc | Chichester, West Sussex ; |
| -- | Ames, Lowa : |
| Name of publisher, distributor, etc | Wiley-Blackwell, |
| Date of publication, distribution, etc | c2011. |
| 300 ## - PHYSICAL DESCRIPTION | |
| Extent | xvi, 543 p., 12 p. of col. plates : |
| Other physical details | ill., maps ; |
| Dimensions | 25 cm. |
| 504 ## - BIBLIOGRAPHY, ETC. NOTE | |
| Bibliography, etc | Includes bibliographical references and index. |
| 650 #0 - SUBJECT ADDED ENTRY--TOPICAL TERM | |
| Topical term or geographic name as entry element | Soil science |
| Topical term or geographic name as entry element | Soil formation |
| Topical term or geographic name as entry element | Soils |
| Form subdivision | Classification |
| 700 1# - ADDED ENTRY--PERSONAL NAME | |
| Personal name | Buol, S. W. |
| 906 ## - LOCAL DATA ELEMENT F, LDF (RLIN) | |
| a | 7 |
| b | cbc |
| c | orignew |
| d | 1 |
| e | ecip |
| f | 20 |
| g | y-gencatlg |
| 942 ## - ADDED ENTRY ELEMENTS (KOHA) | |
| Source of classification or shelving scheme | Library of Congress Classification |
| Item type | Short Loan for 1 day |
| Withdrawn status | Lost status | Source of classification or shelving scheme | Damaged status | Not for loan | Home library | Current library | Shelving location | Date acquired | Total Checkouts | Full call number | Barcode | Date last seen | Copy number | Price effective from | Koha item type | Date last borrowed |
|---|---|---|---|---|---|---|---|---|---|---|---|---|---|---|---|---|
| Library of Congress Classification | UOE Main Library | UOE Main Library | Short Loan Area | 08/12/2020 | S591 .B88 2011 | 20156447 | 27/04/2026 | 20156447 | 08/12/2020 | Short Loan for 1 day | ||||||
| Library of Congress Classification | UOE Main Library | UOE Main Library | Short Loan Area | 08/12/2020 | S591 .B88 2011 | 20156448 | 27/04/2026 | 20156448 | 08/12/2020 | Short Loan for 1 day | ||||||
| Library of Congress Classification | UOE Main Library | UOE Main Library | Open shelf | 08/12/2020 | 1 | S591 .B88 2011 | 20156449 | 27/04/2026 | 20156449 | 08/12/2020 | Loan - Normal on open shelf | 10/12/2021 | ||||
| Library of Congress Classification | UOE Town Campus | UOE Town Campus | Open shelf | 08/12/2020 | S591 .B88 2011 | 20156445 | 08/12/2020 | 20156445 | 08/12/2020 | Loan - Normal on open shelf | ||||||
| Library of Congress Classification | UOE Town Campus | UOE Town Campus | Open shelf | 08/12/2020 | S591 .B88 2011 | 20156446 | 08/12/2020 | 20156446 | 08/12/2020 | Loan - Normal on open shelf |
